| 000 | 00699nam a2200229Ia 4500 | ||
|---|---|---|---|
| 003 | GCL | ||
| 008 | 140319s9999 xx 000 0 ara d | ||
| 040 |
_aGCL / _cGCL |
||
| 082 | 0 | 4 |
_a364.142 _bع ا |
| 100 | 1 | _aعزة عبدالغنى حجازى | |
| 245 | 1 | 0 |
_aالادمان والاداء الانسانى / _cعزة عبدالغنى حجازى |
| 260 |
_a[S.N] : _bالدار الفنية ، _c1991 |
||
| 300 | _a133 ص | ||
| 490 | _a | ||
| 650 | 0 | 4 | _aالمخدرات والشباب |
| 650 | 0 | 4 | _aالخدمة الاجتماعية |
| 650 | 0 | 4 | _aالمخدرات |
| 650 | 0 | 4 | _aمكافحة الادمان |
| 650 | 0 | 4 | _aالمنبهات |
| 650 | 0 | 4 | _aالادمان |
| 942 |
_2ddc _cBK |
||
| 999 |
_c28863 _d28863 |
||